[Event "Mislata 2017 Torneo A"]
[Site "Mislata ESP"]
[Date "2017.08.08"]
[Round "3.4"]
[White "Garcia Fernandez, Carlos"]
[Black "Cruz Lledo, Pablo"]
[Result "0-1"]
[WhiteElo "2295"]
[BlackElo "2439"]
[PlyCount "76"]
[EventDate "2017.08.07"]
[EventType "swiss"]
[EventRounds "9"]
[EventCountry "ESP"]
[SourceTitle "Ajedrez en Madrid"]
[Source "lmi"]
[SourceDate "2017.08.07"]

1. e4 c6 2. c4 g6 3. Nc3 Bg7 4. Nge2 d6 5. h3 Nf6 6. g4 e5 7. Bg2 O-O 8. d4 a6
9. a4 a5 10. Be3 exd4 11. Bxd4 Na6 12. O-O Nb4 13. f4 h5 14. g5 Ne8 15. Bxg7
Nxg7 16. Kh2 f6 17. h4 Bg4 18. Qd2 Qc7 19. Rac1 Rae8 20. Rfd1 fxg5 21. hxg5 Qf7
22. b3 Ne6 23. Rf1 Nc5 24. Rb1 Bxe2 25. Qxe2 Nbd3 26. Qd2 Qe6 27. Bh3 Qe7 28.
Rf3 Rf7 29. Rxd3 Nxd3 30. Qxd3 Rxf4 31. e5 Qxe5 32. Qxg6+ Kf8 33. Qh6+ Ke7 34.
Kg2 Rg8 35. g6 Rf6 36. Qh7+ Kf8 37. Rf1 Qxc3 38. Be6 Qd2+ 0-1

[Event "Mislata 2017 Torneo A"]
[Site "Mislata ESP"]
[Date "2017.08.08"]
[Round "3.5"]
[White "Kovacevic, Slobodan"]
[Black "Lucas Leon, Angel"]
[Result "1-0"]
[WhiteElo "2304"]
[BlackElo "2055"]
[PlyCount "75"]
[EventDate "2017.08.07"]
[EventType "swiss"]
[EventRounds "9"]
[EventCountry "ESP"]
[SourceTitle "Ajedrez en Madrid"]
[Source "lmi"]
[SourceDate "2017.08.07"]

1. d4 Nf6 2. Nf3 e6 3. Bf4 c5 4. e3 Qb6 5. Qc1 Nc6 6. c3 Nh5 7. Bg3 d5 8. Nbd2
Bd7 9. Nb3 Nxg3 10. hxg3 Rc8 11. Qb1 cxd4 12. exd4 a5 13. Bd3 a4 14. Nc1 a3 15.
b3 g6 16. O-O Bg7 17. b4 Na7 18. Qb3 Nb5 19. Ne2 Bh6 20. Ne5 Bg7 21. Nxd7 Kxd7
22. Qa4 Kc6 23. c4 dxc4 24. Bxc4 Ra8 25. Bxb5+ Qxb5 26. Rfc1+ Kb6 27. Qd1 Rhc8
28. Rc5 Qd7 29. Rac1 Bf8 30. Qd2 Bxc5 31. dxc5+ Kc7 32. Qf4+ Kd8 33. Nc3 Ke8
34. Ne4 Kf8 35. Qh6+ Ke7 36. Qh4+ Kf8 37. Nd6 Qxd6 38. Qh6+ 1-0

[Event "Mislata 2017 Torneo A"]
[Site "Mislata ESP"]
[Date "2017.08.08"]
[Round "3.6"]
[White "Hidalgo Duque, Carlos"]
[Black "Redondo Flores, David"]
[Result "0-1"]
[WhiteElo "2205"]
[BlackElo "1993"]
[PlyCount "114"]
[EventDate "2017.08.07"]
[EventType "swiss"]
[EventRounds "9"]
[EventCountry "ESP"]
[SourceTitle "Ajedrez en Madrid"]
[Source "lmi"]
[SourceDate "2017.08.07"]

1. c4 e5 2. Nc3 Nf6 3. g3 c6 4. d4 e4 5. d5 Bb4 6. Qd4 d6 7. Bg5 c5 8. Qe3 O-O
9. Qf4 h6 10. Bxf6 Qxf6 11. Qxf6 gxf6 12. Rc1 Nd7 13. a3 Ba5 14. f4 a6 15. e3
Rb8 16. a4 f5 17. Kf2 Nf6 18. h3 Bd7 19. Nge2 b5 20. axb5 axb5 21. b3 bxc4 22.
bxc4 Rb2 23. Bg2 Rfb8 24. Rhd1 R8b4 25. Rb1 Rxb1 26. Rxb1 Rxc4 27. Nb5 Rb4 28.
Rxb4 cxb4 29. Nxd6 b3 30. Nc4 Nxd5 31. Nd4 Ba4 32. Nxb3 Be1+ 33. Kxe1 Bxb3 34.
Bf1 Kg7 35. Kd2 Kf6 36. Nd6 Ke6 37. Nb5 Ba4 38. Nd4+ Kf6 39. Bc4 Nc7 40. Kc3
Ne6 41. Nb3 Ke7 42. Kb4 Bd7 43. Na5 Kd6 44. Bb3 Ke7 45. Nc4 Ng7 46. Bd1 Ne6 47.
Ne5 Be8 48. Kc4 f6 49. Kd5 Nc7+ 50. Kd4 Nb5+ 51. Kc5 fxe5 52. fxe5 Ke6 53. g4
Kxe5 54. gxf5 Kxf5 55. Bc2 Ke5 56. Bd1 Nc3 57. Bb3 Bh5 0-1

[Event "Mislata 2017 Torneo A"]
[Site "Mislata ESP"]
[Date "2017.08.08"]
[Round "3.7"]
[White "Segarra Martinez, Axel"]
[Black "Carmona Huertas, Juan Antonio"]
[Result "1-0"]
[WhiteElo "2150"]
[BlackElo "1832"]
[PlyCount "51"]
[EventDate "2017.08.07"]
[EventType "swiss"]
[EventRounds "9"]
[EventCountry "ESP"]
[SourceTitle "Ajedrez en Madrid"]
[Source "lmi"]
[SourceDate "2017.08.07"]

1. e4 c5 2. Nf3 e6 3. d4 cxd4 4. Nxd4 a6 5. Nc3 Qc7 6. a3 Nf6 7. f4 d6 8. Be3
Be7 9. Bd3 Nbd7 10. g4 Nc5 11. g5 Nfd7 12. Qd2 Nxd3+ 13. cxd3 Nb8 14. O-O-O Nc6
15. Kb1 Bd7 16. Rc1 Rc8 17. Rhf1 Qa5 18. Nb3 Qd8 19. Qf2 Bf8 20. Bb6 Qe7 21.
Nd5 exd5 22. exd5 Nd8 23. Rce1 Ba4 24. Rxe7+ Bxe7 25. Nd4 Kd7 26. Qe2 1-0

[Event "Mislata 2017 Torneo A"]
[Site "Mislata ESP"]
[Date "2017.08.09"]
[Round "4.1"]
[White "Jordan Martinez, Miguel"]
[Black "Insa Alfonso, Pablo"]
[Result "1/2-1/2"]
[WhiteElo "2212"]
[BlackElo "2223"]
[PlyCount "42"]
[EventDate "2017.08.07"]
[EventType "swiss"]
[EventRounds "9"]
[EventCountry "ESP"]
[SourceTitle "Ajedrez en Madrid"]
[Source "lmi"]
[SourceDate "2017.08.07"]

1. e4 e5 2. Bc4 Nf6 3. d3 Bc5 4. Nc3 c6 5. Nf3 d6 6. Bb3 a5 7. a3 O-O 8. Bg5
Re8 9. h3 Nbd7 10. Qe2 Nf8 11. Nh2 h6 12. Bh4 Ng6 13. Bg3 Be6 14. Bxe6 Rxe6 15.
O-O b5 16. Ng4 Nxg4 17. Qxg4 Qg5 18. Qxg5 hxg5 19. Rfb1 Nf4 20. Kf1 Ree8 21.
Ne2 Nxe2 1/2-1/2

[Event "Mislata 2017 Torneo A"]
[Site "Mislata ESP"]
[Date "2017.08.09"]
[Round "4.2"]
[White "Garcia Sancho, Josep"]
[Black "Remolar Gallen, Jose"]
[Result "1/2-1/2"]
[WhiteElo "2076"]
[BlackElo "2304"]
[PlyCount "76"]
[EventDate "2017.08.07"]
[EventType "swiss"]
[EventRounds "9"]
[EventCountry "ESP"]
[SourceTitle "Ajedrez en Madrid"]
[Source "lmi"]
[SourceDate "2017.08.07"]

1. c4 Nf6 2. Nc3 g6 3. g3 Bg7 4. Bg2 O-O 5. e3 e5 6. Nge2 Re8 7. d3 c6 8. O-O
a5 9. b3 Na6 10. Bb2 d5 11. Qd2 dxc4 12. bxc4 Be6 13. Rfd1 Qc7 14. f4 Rad8 15.
fxe5 Ng4 16. Nd4 Bh6 17. Nxe6 Rxe6 18. Re1 Nc5 19. d4 Rxe5 20. Nd5 cxd5 21.
dxe5 dxc4 22. Bd4 Nd3 23. Qc3 b5 24. Re2 b4 25. Qc2 Rxd4 26. exd4 Ne3 27. Qa4
Qd8 28. e6 fxe6 29. Bh3 Kf8 30. Qc6 Qxd4 31. Qc8+ Kg7 32. Qb7+ Kf6 33. Rf1+
Nxf1+ 34. Kxf1 Qa1+ 35. Kg2 Ne1+ 36. Kf2 Nd3+ 37. Kg2 Ne1+ 38. Kf2 Nd3+ 1/2-1/2

[Event "Mislata 2017 Torneo A"]
[Site "Mislata ESP"]
[Date "2017.08.09"]
[Round "4.3"]
[White "Cruz Lledo, Pablo"]
[Black "Marin Corresa, Arturo"]
[Result "1-0"]
[WhiteElo "2439"]
[BlackElo "2114"]
[PlyCount "89"]
[EventDate "2017.08.07"]
[EventType "swiss"]
[EventRounds "9"]
[EventCountry "ESP"]
[SourceTitle "Ajedrez en Madrid"]
[Source "lmi"]
[SourceDate "2017.08.07"]

1. d4 Nf6 2. c4 e6 3. Nc3 Bb4 4. Qc2 d5 5. a3 Bxc3+ 6. Qxc3 Nbd7 7. Bg5 c5 8.
dxc5 dxc4 9. Qxc4 Qc7 10. Bxf6 Nxf6 11. Nf3 Bd7 12. e3 a6 13. b4 O-O 14. Be2 b6
15. cxb6 Qxb6 16. O-O Bb5 17. Qd4 Qb7 18. Qb2 Rfb8 19. Nd4 Bxe2 20. Qxe2 Ne4
21. Rfc1 Rc8 22. Qb2 h6 23. h3 Qd5 24. Rxc8+ Rxc8 25. Rc1 Rxc1+ 26. Qxc1 Qa2
27. Qc8+ Kh7 28. Qc2 Qa1+ 29. Kh2 f5 30. f3 Ng5 31. Nxe6 Qe5+ 32. Nf4 Qxe3 33.
Qxf5+ Kg8 34. h4 Nf7 35. Qe4 Qa7 36. Qe8+ Kh7 37. Kh3 g5 38. Qe4+ Kh8 39. Ne6
Qg1 40. Qd4+ Qxd4 41. Nxd4 Ne5 42. hxg5 hxg5 43. Ne6 Nc4 44. a4 Nb2 45. b5 1-0

[Event "Mislata 2017 Torneo A"]
[Site "Mislata ESP"]
[Date "2017.08.09"]
[Round "4.4"]
[White "Cano Gimenez, Vicente"]
[Black "Kovacevic, Slobodan"]
[Result "1-0"]
[WhiteElo "2285"]
[BlackElo "2304"]
[PlyCount "187"]
[EventDate "2017.08.07"]
[EventType "swiss"]
[EventRounds "9"]
[EventCountry "ESP"]
[SourceTitle "Ajedrez en Madrid"]
[Source "lmi"]
[SourceDate "2017.08.07"]

1. g3 c5 2. Bg2 Nf6 3. c4 e6 4. Nf3 Qc7 5. Nc3 a6 6. O-O d6 7. d4 cxd4 8. Qxd4
Be7 9. Be3 Nbd7 10. Rac1 O-O 11. Rfd1 b6 12. Ng5 Bb7 13. Bxb7 Qxb7 14. Nge4
Rfc8 15. Nxf6+ Nxf6 16. Na4 Rc6 17. b4 Nd7 18. Qe4 Rb8 19. f3 b5 20. cxb5 Rxc1
21. Rxc1 Qxb5 22. Qc2 Qxb4 23. Qc6 Qb5 24. Qxb5 axb5 25. Rc7 bxa4 26. Rxd7 Bf8
27. Ra7 Rb4 28. Kf2 Rc4 29. Ra8 f6 30. Ra7 d5 31. Ke1 Rc3 32. Bd2 Rc4 33. Kd1
e5 34. Rd7 d4 35. g4 Ba3 36. h4 Bb4 37. Ra7 Bf8 38. h5 h6 39. Bc1 Bd6 40. Bd2
Ba3 41. Rd7 Kh7 42. Ra7 Kg8 43. Rd7 Bb2 44. Rb7 Bc3 45. Ra7 Rb4 46. Bc1 Rc4 47.
Ba3 Ba1 48. Bc1 Bc3 49. Ba3 Ba1 50. Bc1 Bc3 51. Ba3 Ba1 52. Bc1 Bc3 53. Ba3 Ba1
54. Bc1 Bc3 55. Ba3 Ba1 56. Bc1 Kh7 57. Ba3 Kg8 58. Bc1 e4 59. fxe4 Rc3 60.
Rxa4 Rg3 61. Rc4 Rxg4 62. a4 Rxe4 63. a5 Re7 64. a6 Ra7 65. Ra4 Bc3 66. Kc2 Be1
67. Bf4 Bf2 68. Kd3 Kf7 69. Bb8 Ra8 70. a7 g6 71. hxg6+ Kxg6 72. Ke4 h5 73. Kf3
Be3 74. Ra6 Kg5 75. Re6 f5 76. Re8 Kg6 77. Rh8 Bh6 78. Bf4 Rxa7 79. Rxh6+ Kg7
80. Rd6 Ra3+ 81. Kf2 h4 82. Rxd4 Kg6 83. e3 Kh5 84. Kf3 Ra1 85. Rd6 Rf1+ 86.
Kg2 Re1 87. Rh6+ Kg4 88. Rg6+ Kh5 89. Rg5+ Kh6 90. Rxf5+ Kg6 91. Rg5+ Kh6 92.
Kf3 Kh7 93. Rh5+ Kg6 94. Rxh4 1-0

[Event "Mislata 2017 Torneo A"]
[Site "Mislata ESP"]
[Date "2017.08.09"]
[Round "4.5"]
[White "Cebrian Flores, Juan Antonio"]
[Black "Segarra Martinez, Axel"]
[Result "0-1"]
[WhiteElo "2057"]
[BlackElo "2150"]
[PlyCount "90"]
[EventDate "2017.08.07"]
[EventType "swiss"]
[EventRounds "9"]
[EventCountry "ESP"]
[SourceTitle "Ajedrez en Madrid"]
[Source "lmi"]
[SourceDate "2017.08.07"]

1. e4 e6 2. d4 d5 3. Nc3 Bb4 4. e5 c5 5. Bd2 cxd4 6. Nb5 Bf8 7. Qg4 Nc6 8. Nf3
h5 9. Qf4 Nh6 10. Nbxd4 Bd7 11. Be2 Rc8 12. O-O Be7 13. Nxc6 bxc6 14. c4 Nf5
15. Bd3 O-O 16. Rac1 Qb6 17. b3 dxc4 18. Bxc4 c5 19. Ng5 Bb5 20. Qf3 g6 21.
Bxb5 Qxb5 22. Rc4 Rfd8 23. Ne4 Rd4 24. Rfc1 Qa6 25. a4 Qc6 26. Be3 Rd3 27. R4c3
Rxc3 28. Rxc3 Qd5 29. h3 Qxe5 30. g3 Qd5 31. Rc4 Nd6 32. Nf6+ Bxf6 33. Qxf6
Nxc4 34. bxc4 Qf5 35. Qe7 Qxh3 36. Bf4 Qf5 37. Qxa7 Rd8 38. Qb7 h4 39. Kg2 e5
40. Qe7 Ra8 41. Bxe5 hxg3 42. fxg3 Qc2+ 43. Kh3 Qxc4 44. Kh2 Qe2+ 45. Kg1 Rb8
0-1

[Event "Mislata 2017 Torneo A"]
[Site "Mislata ESP"]
[Date "2017.08.09"]
[Round "4.6"]
[White "Garcia Fernandez, Carlos"]
[Black "Alvarez Morales, Miguel"]
[Result "1-0"]
[WhiteElo "2295"]
[BlackElo "2055"]
[PlyCount "87"]
[EventDate "2017.08.07"]
[EventType "swiss"]
[EventRounds "9"]
[EventCountry "ESP"]
[SourceTitle "Ajedrez en Madrid"]
[Source "lmi"]
[SourceDate "2017.08.07"]

1. e4 c5 2. c3 Nf6 3. e5 Nd5 4. Nf3 e6 5. a3 Nc6 6. d4 cxd4 7. cxd4 d6 8. Bd3
Be7 9. O-O h6 10. Qe2 Bg5 11. Qe4 Bxc1 12. Rxc1 dxe5 13. dxe5 Bd7 14. Nbd2 Nce7
15. Nc4 Nc8 16. b4 Bc6 17. Na5 Nxb4 18. Qxb4 Qxd3 19. Nxc6 bxc6 20. Rxc6 Ne7
21. Rc7 Qd8 22. Qb5+ Kf8 23. Qc5 g5 24. h3 Rc8 25. Rxc8 Qxc8 26. Qxa7 Nf5 27.
Rb1 Kg7 28. g4 Qc6 29. gxf5 Qxf3 30. fxe6 Rf8 31. e7 Re8 32. Qd7 g4 33. Qxg4+
Qxg4+ 34. hxg4 Rxe7 35. Re1 Kg6 36. Kg2 h5 37. Kg3 hxg4 38. Kxg4 f6 39. e6 f5+
40. Kf4 Kf6 41. Re3 Kg6 42. Ke5 Ra7 43. Rg3+ Kh5 44. Kxf5 1-0

[Event "Mislata 2017 Torneo A"]
[Site "Mislata ESP"]
[Date "2017.08.09"]
[Round "4.7"]
[White "Mingo Fernandez, Matias"]
[Black "Gonzalvez Tamarit, Ruben"]
[Result "1/2-1/2"]
[WhiteElo "2201"]
[BlackElo "2073"]
[PlyCount "25"]
[EventDate "2017.08.07"]
[EventType "swiss"]
[EventRounds "9"]
[EventCountry "ESP"]
[SourceTitle "Ajedrez en Madrid"]
[Source "lmi"]
[SourceDate "2017.08.07"]

1. d4 Nf6 2. Nf3 e6 3. Bf4 b6 4. e3 Be7 5. h3 Bb7 6. Be2 O-O 7. a4 c5 8. O-O d5
9. Nbd2 Nc6 10. Ne5 Ne4 11. Nxe4 dxe4 12. dxc5 Bxc5 13. Qxd8 1/2-1/2

[Event "Mislata 2017 Torneo A"]
[Site "Mislata ESP"]
[Date "2017.08.10"]
[Round "5.1"]
[White "Garcia Sancho, Josep"]
[Black "Jordan Martinez, Miguel"]
[Result "0-1"]
[WhiteElo "2076"]
[BlackElo "2212"]
[PlyCount "60"]
[EventDate "2017.08.07"]
[EventType "swiss"]
[EventRounds "9"]
[EventCountry "ESP"]
[SourceTitle "Ajedrez en Madrid"]
[Source "lmi"]
[SourceDate "2017.08.07"]

1. e4 e6 2. d4 d5 3. Nd2 Nc6 4. Ngf3 Nf6 5. e5 Nd7 6. c3 f6 7. exf6 Qxf6 8. Be2
Bd6 9. O-O O-O 10. Nb3 h6 11. c4 dxc4 12. Bxc4 Kh8 13. Be3 e5 14. d5 Ne7 15.
Nbd2 Nb6 16. Bxb6 axb6 17. Ne4 Qg6 18. Qd3 Rf4 19. Nxd6 Qxd6 20. Rfe1 e4 21.
Rxe4 Bf5 22. Rae1 Bxe4 23. Rxe4 Raf8 24. Re6 Qc5 25. b3 b5 26. Bxb5 Nxd5 27.
Re5 c6 28. Bc4 Qd6 29. Re2 R4f6 30. a4 Nf4 0-1

[Event "Mislata 2017 Torneo A"]
[Site "Mislata ESP"]
[Date "2017.08.10"]
[Round "5.2"]
[White "Insa Alfonso, Pablo"]
[Black "Cruz Lledo, Pablo"]
[Result "1/2-1/2"]
[WhiteElo "2223"]
[BlackElo "2439"]
[PlyCount "55"]
[EventDate "2017.08.07"]
[EventType "swiss"]
[EventRounds "9"]
[EventCountry "ESP"]
[SourceTitle "Ajedrez en Madrid"]
[Source "lmi"]
[SourceDate "2017.08.07"]

1. e4 c6 2. Nc3 d5 3. Nf3 g6 4. d4 Bg7 5. Bd3 Bg4 6. O-O Nf6 7. e5 Nfd7 8. h3
Bxf3 9. Qxf3 O-O 10. Bg5 f6 11. exf6 exf6 12. Bh4 Qe7 13. Nxd5 cxd5 14. Qxd5+
Rf7 15. Rfe1 Qf8 16. Bc4 Nb6 17. Qxb7 N8d7 18. Bb3 a5 19. Bg3 a4 20. Bxf7+ Qxf7
21. Bc7 Qd5 22. Qxd5+ Nxd5 23. Bd6 Rc8 24. c3 N7b6 25. Bc5 Nd7 26. Ba3 N7b6 27.
Bc5 Nd7 28. Ba3 1/2-1/2

[Event "Mislata 2017 Torneo A"]
[Site "Mislata ESP"]
[Date "2017.08.10"]
[Round "5.3"]
[White "Kovacevic, Slobodan"]
[Black "Alvarez Morales, Miguel"]
[Result "1-0"]
[WhiteElo "2304"]
[BlackElo "2055"]
[PlyCount "71"]
[EventDate "2017.08.07"]
[EventType "swiss"]
[EventRounds "9"]
[EventCountry "ESP"]
[SourceTitle "Ajedrez en Madrid"]
[Source "lmi"]
[SourceDate "2017.08.07"]

1. d4 d5 2. Bf4 Nf6 3. e3 c5 4. c3 Nc6 5. Nd2 Bf5 6. Qb3 Qb6 7. dxc5 Qxb3 8.
axb3 e5 9. Bg3 Bxc5 10. Ngf3 d4 11. Nxe5 dxe3 12. fxe3 Nxe5 13. Bxe5 Ng4 14.
Bxg7 Nxe3 15. Ra5 b6 16. Rxc5 bxc5 17. Bxh8 O-O-O 18. Bg7 Re8 19. Ba6+ Kc7 20.
Kf2 Ng4+ 21. Kf3 Kb6 22. Bc4 Rd8 23. h3 Rxd2 24. hxg4 Bxg4+ 25. Kxg4 Rxg2+ 26.
Kf3 Rxg7 27. Rh6+ Kb7 28. Rf6 a5 29. Rxf7+ Rxf7+ 30. Bxf7 Kc6 31. Ke4 Kd6 32.
Kd3 Ke7 33. Bh5 Kd6 34. Kc4 Kc6 35. Bf7 Kb6 36. Be8 1-0

[Event "Mislata 2017 Torneo A"]
[Site "Mislata ESP"]
[Date "2017.08.10"]
[Round "5.4"]
[White "Balada Moreno, Jose Luis"]
[Black "Mingo Fernandez, Matias"]
[Result "0-1"]
[WhiteElo "1991"]
[BlackElo "2201"]
[PlyCount "96"]
[EventDate "2017.08.07"]
[EventType "swiss"]
[EventRounds "9"]
[EventCountry "ESP"]
[SourceTitle "Ajedrez en Madrid"]
[Source "lmi"]
[SourceDate "2017.08.07"]

1. e4 e6 2. d3 d5 3. Nd2 Nf6 4. Ngf3 Be7 5. g3 c5 6. Bg2 Nc6 7. O-O a6 8. Re1
O-O 9. Nf1 d4 10. e5 Nd7 11. h4 Rb8 12. N1h2 b5 13. Bf4 Nb4 14. Ng5 Bb7 15.
Bxb7 Rxb7 16. Qh5 Bxg5 17. hxg5 Qe8 18. Qf3 Rb6 19. Ng4 Nxc2 20. Nf6+ gxf6 21.
gxf6 Kh8 22. Qh5 Rg8 23. Kg2 Nxe1+ 24. Rxe1 Rg6 25. Rh1 Nf8 26. Bh6 Qc6+ 27. f3
Kg8 28. Rh4 Qd5 29. Rg4 Rb7 30. Bxf8 Rxg4 31. Qxg4+ Kxf8 32. Qg7+ Ke8 33. Qg8+
Kd7 34. Qxf7+ Kc6 35. Qe8+ Kb6 36. f7 Rxf7 37. Qxf7 Qxe5 38. f4 Qe2+ 39. Kh3 h5
40. Qf6 Qg4+ 41. Kg2 Qe2+ 42. Kh3 Ka5 43. Qe7 Qg4+ 44. Kg2 Qe2+ 45. Kh3 Qg4+
46. Kg2 Qf5 47. Qa7 Qd5+ 48. Kh3 Qh1# 0-1

[Event "Mislata 2017 Torneo A"]
[Site "Mislata ESP"]
[Date "2017.08.10"]
[Round "5.5"]
[White "Marin Corresa, Arturo"]
[Black "Cebrian Flores, Juan Antonio"]
[Result "1-0"]
[WhiteElo "2114"]
[BlackElo "2057"]
[PlyCount "69"]
[EventDate "2017.08.07"]
[EventType "swiss"]
[EventRounds "9"]
[EventCountry "ESP"]
[SourceTitle "Ajedrez en Madrid"]
[Source "lmi"]
[SourceDate "2017.08.07"]

1. Nf3 d6 2. g3 g6 3. Bg2 Bg7 4. O-O Nf6 5. d4 O-O 6. b3 c5 7. Bb2 Nc6 8. d5
Nb8 9. c4 e6 10. Nc3 e5 11. Ne1 Ne8 12. Nd3 f5 13. e4 f4 14. f3 h5 15. Qd2 fxg3
16. hxg3 Kh7 17. Ne2 Bh6 18. f4 h4 19. gxh4 Nf6 20. Qc3 Ng4 21. Rf3 Nd7 22. h5
gxh5 23. Rh3 Qe8 24. f5 Ndf6 25. Bc1 Bxc1 26. Rxc1 b5 27. cxb5 Qxb5 28. Ng3 Qe8
29. Nf2 Nh6 30. Qf3 a5 31. Nxh5 Nxh5 32. Rxh5 a4 33. Qh3 Rf6 34. Ng4 Qf8 35.
Qh4 1-0

[Event "Mislata 2017 Torneo A"]
[Site "Mislata ESP"]
[Date "2017.08.10"]
[Round "5.6"]
[White "Gonzalvez Tamarit, Ruben"]
[Black "Hernandez Torralba, Jose Joaqu"]
[Result "1/2-1/2"]
[WhiteElo "2073"]
[BlackElo "2020"]
[PlyCount "32"]
[EventDate "2017.08.07"]
[EventType "swiss"]
[EventRounds "9"]
[EventCountry "ESP"]
[SourceTitle "Ajedrez en Madrid"]
[Source "lmi"]
[SourceDate "2017.08.07"]

1. e4 c5 2. Nf3 d6 3. d4 cxd4 4. Nxd4 Nf6 5. Nc3 Nc6 6. f3 e5 7. Nb3 Be7 8. Be3
O-O 9. Qd2 a5 10. a4 Nb4 11. O-O-O Be6 12. g4 Rc8 13. Kb1 Nd7 14. Qf2 Bh4 15.
Qd2 Be7 16. Qf2 Bh4 1/2-1/2

[Event "Mislata 2017 Torneo A"]
[Site "Mislata ESP"]
[Date "2017.08.10"]
[Round "5.7"]
[White "Carmona Huertas, Juan Antonio"]
[Black "Jordan Arenas, Manuel"]
[Result "0-1"]
[WhiteElo "1832"]
[BlackElo "2122"]
[PlyCount "60"]
[EventDate "2017.08.07"]
[EventType "swiss"]
[EventRounds "9"]
[EventCountry "ESP"]
[SourceTitle "Ajedrez en Madrid"]
[Source "lmi"]
[SourceDate "2017.08.07"]

1. d4 Nf6 2. Bg5 d5 3. Nf3 Ne4 4. Bf4 c5 5. e3 Qb6 6. Qc1 Nc6 7. c3 Bf5 8. Be2
e6 9. Nbd2 Be7 10. O-O O-O 11. Ne5 Rfd8 12. Ndf3 Rac8 13. g4 Bg6 14. Nxg6 hxg6
15. Ne5 cxd4 16. Nxc6 bxc6 17. exd4 c5 18. Be3 Bd6 19. f3 cxd4 20. Bxd4 Bc5 21.
Bxc5 Nxc5 22. Kg2 d4 23. Rd1 d3 24. Bf1 e5 25. b4 Ne6 26. Qb2 Nf4+ 27. Kh1 Qe3
28. Rd2 Qxf3+ 29. Bg2 Nxg2 30. Rxg2 d2 0-1

[Event "Mislata 2017 Torneo A"]
[Site "Mislata ESP"]
[Date "2017.08.10"]
[Round "6.1"]
[White "Jordan Martinez, Miguel"]
[Black "Segarra Martinez, Axel"]
[Result "0-1"]
[WhiteElo "2212"]
[BlackElo "2150"]
[PlyCount "100"]
[EventDate "2017.08.07"]
[EventType "swiss"]
[EventRounds "9"]
[EventCountry "ESP"]
[SourceTitle "Ajedrez en Madrid"]
[Source "lmi"]
[SourceDate "2017.08.07"]

1. e4 e6 2. d4 d5 3. Nd2 Nf6 4. e5 Nfd7 5. Bd3 c5 6. c3 Nc6 7. Ne2 cxd4 8. cxd4
f6 9. Nf4 Nxd4 10. Qh5+ Ke7 11. Ng6+ hxg6 12. exf6+ Nxf6 13. Qxh8 Kf7 14. O-O
Nh5 15. Nb3 Nc6 16. Be3 Qf6 17. Rac1 e5 18. Nc5 Nf4 19. Bxf4 Qxf4 20. Bb5 Bd6
21. Nxb7 Bxb7 22. Qh3 Bc8 23. Qb3 Ne7 24. Bc6 Rb8 25. Bxd5+ Kf8 26. Qd1 Ba6 27.
g3 Qf6 28. Bc4 Bb7 29. Rc3 Rd8 30. Qb3 Ba8 31. Rd1 e4 32. Qa4 Bc6 33. Qa5 Nf5
34. Bb3 Ba8 35. Qxa7 Re8 36. Bd5 Bxd5 37. Rxd5 Be5 38. Rc4 Bxb2 39. a4 Kg8 40.
Qd7 Re7 41. Qc6 Re6 42. Qc8+ Kh7 43. Qd8 Ne7 44. Rd2 g5 45. Re2 Rd6 46. Qa5
Rd1+ 47. Re1 Bd4 48. Rc2 Qf3 49. Qb4 e3 50. Rf1 exf2+ 0-1

[Event "Mislata 2017 Torneo A"]
[Site "Mislata ESP"]
[Date "2017.08.10"]
[Round "6.2"]
[White "Remolar Gallen, Jose"]
[Black "Insa Alfonso, Pablo"]
[Result "1-0"]
[WhiteElo "2304"]
[BlackElo "2223"]
[PlyCount "97"]
[EventDate "2017.08.07"]
[EventType "swiss"]
[EventRounds "9"]
[EventCountry "ESP"]
[SourceTitle "Ajedrez en Madrid"]
[Source "lmi"]
[SourceDate "2017.08.07"]

1. c4 c5 2. g3 Nc6 3. Bg2 g6 4. Nf3 Bg7 5. O-O e5 6. Nc3 Nge7 7. a3 O-O 8. b4
cxb4 9. axb4 e4 10. Ng5 f5 11. c5 Nd4 12. e3 Ne6 13. Nxe6 dxe6 14. Qb3 Nd5 15.
Bb2 Nxc3 16. dxc3 Qe7 17. Rfd1 Rd8 18. Rxd8+ Qxd8 19. Bf1 Qe8 20. Rd1 Bd7 21.
b5 a6 22. c6 bxc6 23. bxa6 c5 24. Rd6 Be5 25. Rb6 Bc6 26. Bc4 Kf7 27. Ba3 Bc7
28. Bxc5 Bxb6 29. Qxb6 Qd7 30. Bd4 Rc8 31. a7 Qb7 32. Qa5 Bd5 33. Bb5 Qc7 34.
Qa6 Bb7 35. Qa2 Bd5 36. c4 Bc6 37. h4 h6 38. Be5 Qxe5 39. Bxc6 g5 40. hxg5 Qd6
41. Qa1 Qxc6 42. Qf6+ Ke8 43. g6 Qd7 44. Kh2 Ra8 45. Qh8+ Ke7 46. Qxa8 Qd1 47.
Qb7+ Kf6 48. Qf7+ Ke5 49. Qg7+ 1-0

[Event "Mislata 2017 Torneo A"]
[Site "Mislata ESP"]
[Date "2017.08.10"]
[Round "6.3"]
[White "Cruz Lledo, Pablo"]
[Black "Kovacevic, Slobodan"]
[Result "1-0"]
[WhiteElo "2439"]
[BlackElo "2304"]
[PlyCount "75"]
[EventDate "2017.08.07"]
[EventType "swiss"]
[EventRounds "9"]
[EventCountry "ESP"]
[SourceTitle "Ajedrez en Madrid"]
[Source "lmi"]
[SourceDate "2017.08.07"]

1. d4 Nf6 2. c4 e6 3. Nc3 c5 4. d5 exd5 5. cxd5 d6 6. e4 g6 7. Nge2 Bg7 8. Ng3
O-O 9. Be2 Re8 10. O-O a6 11. a4 Nbd7 12. Be3 h5 13. f3 Ne5 14. Qd2 Qa5 15. Nh1
Rb8 16. Nf2 Nh7 17. h3 Qb4 18. a5 Bd7 19. Rfc1 f5 20. Kh1 Nc4 21. Bxc4 Qxc4 22.
Na4 Qb5 23. Nb6 Rbd8 24. Rab1 fxe4 25. fxe4 Rf8 26. Nc4 Bc8 27. b4 cxb4 28.
Rxb4 Qe8 29. Bf4 Qe7 30. Rb6 Rf6 31. Nxd6 Qf8 32. Rxc8 Rxc8 33. Nxc8 Qxc8 34.
Rxf6 Bxf6 35. e5 Bd8 36. e6 Qc4 37. Be5 Bh4 38. Qh6 1-0

[Event "Mislata 2017 Torneo A"]
[Site "Mislata ESP"]
[Date "2017.08.10"]
[Round "6.4"]
[White "Redondo Flores, David"]
[Black "Garcia Fernandez, Carlos"]
[Result "1-0"]
[WhiteElo "1993"]
[BlackElo "2295"]
[PlyCount "119"]
[EventDate "2017.08.07"]
[EventType "swiss"]
[EventRounds "9"]
[EventCountry "ESP"]
[SourceTitle "Ajedrez en Madrid"]
[Source "lmi"]
[SourceDate "2017.08.07"]

1. e4 c5 2. Nf3 Nc6 3. d4 cxd4 4. Nxd4 e5 5. Nb5 d6 6. N5c3 Be6 7. Be3 Nf6 8.
Bg5 Be7 9. Bxf6 Bxf6 10. Na3 a6 11. Nc4 Nd4 12. Ne3 Rc8 13. Bd3 O-O 14. Ncd5
Bg5 15. c3 Nc6 16. Bc2 g6 17. O-O Na5 18. Qe2 Bxe3 19. Nxe3 Nc4 20. Nxc4 Bxc4
21. Bd3 Be6 22. c4 Qc7 23. b3 f5 24. Rfd1 f4 25. Qd2 f3 26. g3 Kg7 27. Bf1 Rcd8
28. Rac1 h6 29. Rc3 Bc8 30. Rd3 Rf6 31. Rd5 b6 32. Qe3 g5 33. b4 Bb7 34. R5d2
Qc6 35. c5 bxc5 36. bxc5 Qxe4 37. Qxe4 Bxe4 38. Bxa6 Bc6 39. Rxd6 Rfxd6 40.
Rxd6 Rxd6 41. cxd6 Kf6 42. Bc8 Bb5 43. h4 e4 44. hxg5+ hxg5 45. Bg4 Kf7 46. Bf5
Bd3 47. g4 Kf6 48. a4 Kf7 49. a5 Ba6 50. Bxe4 Ke6 51. d7 Kxd7 52. Bxf3 Kd6 53.
Bg2 Kc5 54. Bf1 Bc8 55. f3 Kd4 56. Kf2 Bb7 57. Be2 Bc8 58. a6 Bd7 59. Bf1 Bc6
60. a7 1-0